[Event "Munich op9192"]
[Site "Munich"]
[Date "1992.??.??"]
[Round "2"]
[White "Schlosser, Philipp"]
[Black "De Francesco, Klaus"]
[Result "1-0"]
[WhiteElo "2485"]
[BlackElo "2265"]

1.Nf3 d5 2.c4 c6 3.d4 Nf6 4.e3 Bf5 5.cxd5 cxd5 6.Qb3 Qb6 7.Qxb6 axb6 8.Nc3 Nc6
9.Bd2 Nb4 10.Bb5+ Bd7 11.Ke2 e6 12.Ne5 Bxb5+ 13.Nxb5 Rc8 14.Rhc1 Nc6 15.Rc2 Nd7
16.Nxc6 Rxc6 17.Rac1 Nb8 18.Na7 Rxc2 19.Rxc2 Kd7 20.Nc8 Bc5 21.Na7 Bd6 22.Nb5 Nc6
23.Nxd6 Kxd6 24.f3 Ra8 25.a3 Ra4 26.Kd3 Kd7 27.g4 Ra8 28.Bc3 Rh8 29.Rg2 g6
30.Rg3 h5 31.Rh3 Ke7 32.Be1 Kf6 33.a4 Kg7 34.gxh5 gxh5 35.Bg3 Rc8 36.Bd6 Kg6
37.Rg3+ Kf6 38.h4 Ra8 39.b3 b5 40.axb5 Na7 41.b6 Nc6 42.e4 dxe4+ 43.fxe4 Rd8
44.e5+ Kf5 45.Ke3 f6 46.Rf3+ Kg4  1-0

[Event "Munich op9192"]
[Site "Munich"]
[Date "1992.??.??"]
[Round "3"]
[White "Loeffler, Stefan"]
[Black "Martynov, Pavel"]
[Result "1-0"]
[WhiteElo "2310"]
[BlackElo "2465"]

1.Nf3 d5 2.c4 dxc4 3.Na3 a6 4.Nxc4 b5 5.Ne3 Bb7 6.g3 e6 7.Bg2 Nf6 8.b3 Be7
9.Bb2 c5 10.Rc1 Qb6 11.O-O Nc6 12.Qc2 Nb4 13.Qb1 Rd8 14.Rfd1 Bxf3 15.Bxf3 O-O
16.Qa1 Nbd5 17.Nc2 Rc8 18.e4 Nc7 19.d4 Rfd8 20.Ne3 Nce8 21.d5 exd5 22.e5 d4
23.exf6 Nxf6 24.Nf5 Bf8 25.b4 Qe6 26.Nh4 g5 27.bxc5 Bxc5 28.Rxc5 Rxc5 29.Bxd4 Rc4
30.Ng2 Ne4 31.Ne3 Ra4 32.Bxe4 Qxe4 33.Bf6 Rd3 34.Rxd3 Qxd3 35.Qe5 Qb1+ 36.Nf1 Qb4
37.Qxg5+ Kf8 38.Qf5 Qc4 39.Qxh7 Ke8 40.Qg8+ Kd7 41.Qd8+ Kc6 42.Be5 Qe6 43.Qc7+ Kd5
44.Bf4 Rxa2 45.Qc3 a5 46.f3 Re2 47.Ne3+ Rxe3 48.Bxe3  1-0

[Event "Munich op9192"]
[Site "Munich"]
[Date "1992.??.??"]
[Round "4"]
[White "Zaura, Vidmantas"]
[Black "Bachmayr, Peter"]
[Result "1/2-1/2"]
[WhiteElo "2300"]
[BlackElo "2365"]

1.Nf3 d5 2.c4 e6 3.b3 Nf6 4.Bb2 Be7 5.g3 O-O 6.Bg2 b6 7.O-O Bb7 8.cxd5 Nxd5
9.Na3 c5 10.Nc4 Nc6 11.d4 cxd4 12.Nxd4 Bf6 13.e4 Bxd4 14.Bxd4 Nxd4 15.Qxd4 Nf4
16.Qxd8 Ne2+ 17.Kh1 Rfxd8 18.e5 Bxg2+ 19.Kxg2 Rd5 20.Rfd1 Rad8 21.Rxd5 Rxd5
22.Re1 Nd4 23.Rc1 g5 24.Re1 Kg7 25.f4 gxf4 26.gxf4 Nf5 27.Re2 Rd3 28.Kf2 Kg6
29.Re1 b5 30.Rg1+ Kh6 31.Nd6 Nxd6 32.exd6 Rxd6 33.Ke3 Rd5 34.Rg2 b4 35.Ke2 a5
36.Ke3 f5 37.Rg8 e5 38.fxe5 Rxe5+ 39.Kf3 Rc5 40.Rg2 Rc1 41.Kf4 Rf1+ 42.Ke3 Kh5
43.Rg7 Ra1 44.Rxh7+ Kg6 45.Ra7 Rxa2 46.Kf4 Rxh2 47.Ra6+ Kh5 48.Kxf5 Ra2 49.Ke4 Kg5
50.Kd4  1/2-1/2

[Event "Munich op9192"]
[Site "Munich"]
[Date "1992.??.??"]
[Round "5"]
[White "Pronold, Helmut"]
[Black "Semina, Svetlana"]
[Result "0-1"]
[WhiteElo "2315"]
[BlackElo "2190"]

1.Nf3 d5 2.c4 dxc4 3.Na3 c5 4.Nxc4 Nc6 5.g3 f6 6.Bg2 e5 7.d3 Nge7 8.O-O Nf5
9.Bd2 Be7 10.a4 Be6 11.b3 O-O 12.Bc3 Qd7 13.Qc2 Rac8 14.Qb2 Nd6 15.Nfd2 Nd4
16.Rfe1 b6 17.e3 Nc6 18.Rad1 Bg4 19.Nf3 Kh8 20.Rd2 Qc7 21.h3 Be6 22.Red1 Nf5
23.g4 Nd6 24.Nxd6 Bxd6 25.Nh4 Qf7 26.Nf5 Bb8 27.b4 cxb4 28.Bxb4 Nxb4 29.Qxb4 Rc5
30.d4 exd4 31.Rxd4 Qc7 32.Nd6 g6 33.Ne4 Rc8 34.Nxc5 bxc5 35.Rc1 cxb4 36.Rxc7 Bxc7
37.Rxb4 Bd6  0-1

[Event "Munich op9192"]
[Site "Munich"]
[Date "1992.??.??"]
[Round "7"]
[White "Zaura, Vidmantas"]
[Black "Reich, Thomas"]
[Result "0-1"]
[WhiteElo "2300"]
[BlackElo "2400"]

1.Nf3 d5 2.c4 c6 3.b3 Nf6 4.Bb2 Bg4 5.Ne5 Bf5 6.d3 e6 7.g3 Nbd7 8.Nxd7 Qxd7
9.Bg2 Bd6 10.O-O e5 11.cxd5 cxd5 12.Re1 O-O 13.e4 Bg4 14.Bf3 d4 15.Bxg4 Nxg4
16.h3 Nf6 17.Kg2 g6 18.Nd2 Bb4 19.Rc1 Nh5 20.a3 Bxd2 21.Qxd2 f5 22.Rc5 Rae8
23.Qg5 b6 24.Rd5 Qf7 25.f4 fxe4 26.dxe4 exf4 27.Bxd4 fxg3 28.Rf5 Qe6 29.Rxf8+ Rxf8
30.Kg1 Nf4 31.Qxg3 Qd6 32.Bf2 Qd2 33.Qe3 Nxh3+ 34.Kh2 Qxf2+ 35.Kxh3 Rf3+  0-1

[Event "Nordic zt"]
[Site "?"]
[Date "1992.??.??"]
[Round "4"]
[White "Gausel, Einar"]
[Black "Hector, Jonny"]
[Result "1/2-1/2"]
[WhiteElo "2485"]
[BlackElo "2535"]

1.Nf3 d5 2.c4 c6 3.d4 Nf6 4.Qb3 dxc4 5.Qxc4 Bf5 6.Nc3 e6 7.g3 Be7 8.Bg2 Nbd7
9.O-O O-O 10.Bg5 h6 11.Bxf6 Bxf6 12.e4 Bg4 13.Rad1 Qb6 14.Rd2 Rad8 15.Rfd1 a5
16.a3 e5 17.d5 Nc5 18.b4 axb4 19.axb4 Na6 20.b5 cxb5 21.Qxb5 Qxb5 22.Nxb5 Nc5
23.h3 Bd7 24.Nc3 Ra8 25.Rb1 Rfc8 26.Ne1 Bd8 27.Rdd1 Ba5 28.Nb5 Ra6 29.Nc2 Na4
30.Nca3 Bb6 31.Bf1 Bc5 32.Rdc1 Nb6 33.Nc2 Ra2 34.Ne3 g6 35.Nd1 Kg7 36.Rxc5 Rxc5
37.Nbc3 Ra3 38.Rxb6 Raxc3 39.Nxc3 Rxc3 40.Rxb7 Bc8 41.Rb1 Rc2 42.Kg2 f5 43.Bd3 Rd2
44.Rb3 fxe4 45.Bxe4 Bf5 46.Rb7+ Kf6 47.Rb6+ Kg7 48.Bxf5 gxf5 49.Rd6 h5 50.h4 Rd3
51.Rd8 Kf7 52.d6 Kg7 53.Kf1 f4 54.gxf4 exf4 55.Ke2 Rd4 56.Kf3 Kh7 57.Rf8 Kg6
58.Rg8+ Kh6 59.Re8 Rxd6 60.Kxf4 Rf6+ 61.Ke3 Ra6 62.f3 Kg6 63.Re5 Ra4 64.Re4 Ra6
65.Rd4 Re6+ 66.Kf4 Rf6+ 67.Kg3 Ra6 68.Rd5 Rb6 69.Rg5+ Kh6 70.Re5 Kg6 71.Kf4 Rb4+
72.Re4 Rb6  1/2-1/2

[Event "Novi Sad"]
[Site "Novi Sad"]
[Date "1992.??.??"]
[Round "8"]
[White "Kosic, Dragan"]
[Black "Todorovic, Goran M"]
[Result "1/2-1/2"]
[WhiteElo "2445"]
[BlackElo "2440"]

1.Nf3 d5 2.c4 e6 3.b3 Nf6 4.Bb2 c5 5.g3 Nc6 6.Bg2 Be7 7.O-O O-O 8.cxd5 exd5
9.d4 Bg4 10.dxc5 Bxc5 11.Nc3 a6 12.Na4 Bd7 13.h3 Be6 14.Nd4 Qe7 15.Rc1 Ne4
16.e3 Rac8 17.Nxe6 Qxe6 18.Ba3 Rfd8 19.Nxc5 Qe7 20.Nxe4  1/2-1/2

[Event "Oslo"]
[Site "Oslo"]
[Date "1992.??.??"]
[Round "7"]
[White "Groenn, Atle"]
[Black "Tisdall, Jonathan D"]
[Result "1-0"]
[WhiteElo "2310"]
[BlackElo "2455"]

1.Nf3 d5 2.c4 e6 3.g3 Nf6 4.b3 Be7 5.Bg2 O-O 6.O-O c5 7.Bb2 Nc6 8.cxd5 exd5
9.d4 Ne4 10.Nc3 Bf6 11.Na4 b5 12.Nxc5 Nxc5 13.Rc1 Na6 14.Rxc6 Nb4 15.Rc5 Be7
16.Ne5 Bxc5 17.dxc5 f6 18.Nd3 Nxd3 19.Qxd3 Be6 20.Qxb5 Qc7 21.Rd1 Rab8 22.Qa6 Bf7
23.Ba3 Qe5 24.e3 Qc3 25.c6 Rfc8 26.Rc1 Qe5 27.Qxa7 Ra8 28.Qc5 Rc7 29.e4 Rd8
30.exd5  1-0

[Event "Ostrava op"]
[Site "Ostrava"]
[Date "1992.??.??"]
[Round "5"]
[White "Krzywicki, Dariusz"]
[Black "Guliev, Sarhan"]
[Result "0-1"]
[WhiteElo "2275"]
[BlackElo "2405"]

1.Nf3 d5 2.c4 c6 3.g3 Nf6 4.Bg2 Bf5 5.cxd5 cxd5 6.Qb3 Qb6 7.Qxb6 axb6 8.Nc3 Bd7
9.Nd4 e6 10.d3 Bc5 11.Nb3 O-O 12.O-O Nc6 13.Bf4 Rfc8 14.Rfd1 h6 15.Kf1 e5
16.Bd2 Be6 17.f4 exf4 18.Bxf4 g5 19.Bd2 Rd8 20.Rdc1 Ng4 21.Nxc5 bxc5 22.Nb5 b6
23.Kg1 Rac8 24.a3 c4 25.h3 Nge5 26.d4 Ng6 27.Re1 f5 28.Rab1 Na5 29.Bxa5 bxa5
30.b3 h5 31.e3 h4 32.gxh4 Nxh4 33.Rec1 Bf7 34.bxc4 dxc4 35.Kf2 Rd7 36.Bf1 Kg7
37.a4 f4 38.exf4 gxf4 39.Rc3 Nf5 40.Rbc1 Ne3 41.Be2 Be6 42.h4 Kf6 43.Rg1 Rh8
44.h5 Bf7 45.Rcc1 Bxh5 46.Bxc4 Bg4 47.Bf1 Rh2+ 48.Ke1 Re7 49.Rc6+ Kg5 50.Rc5+ Nd5+
51.Be2 Rexe2+  0-1

[Event "Oviedo rapid45"]
[Site "Oviedo"]
[Date "1992.??.??"]
[Round "2"]
[White "Damljanovic, Branko"]
[Black "Flear, Christine"]
[Result "1-0"]
[WhiteElo "2585"]
[BlackElo "2210"]

1.Nf3 d5 2.c4 e6 3.g3 Nf6 4.Bg2 Be7 5.b3 O-O 6.Bb2 Nbd7 7.O-O b6 8.e3 Ba6
9.d3 Rc8 10.Nc3 c5 11.e4 dxe4 12.dxe4 Qc7 13.Qe2 Rfd8 14.e5 Ne8 15.h4 Bb7
16.Ne4 Nf8 17.Rad1 Bc6 18.h5 h6 19.Nh2 a6 20.f4 b5 21.Bc3 b4 22.Bb2 a5 23.g4 Nh7
24.f5 exf5 25.gxf5 f6 26.Rxd8 Bxd8 27.Ng4 Be7 28.exf6 Nexf6 29.Nexf6+ Nxf6
30.Qe6+ Kf8 31.Bxf6  1-0

[Event "Oviedo rapid45"]
[Site "Oviedo"]
[Date "1992.??.??"]
[Round "6"]
[White "Ivkov, Borislav"]
[Black "Mayer, Rene"]
[Result "1-0"]
[WhiteElo "2475"]
[BlackElo "2265"]

1.Nf3 d5 2.c4 Nf6 3.cxd5 Nxd5 4.d4 e6 5.e4 Nf6 6.Nc3 Bb4 7.Bd3 O-O 8.O-O b6
9.e5 Nd5 10.Bxh7+ Kxh7 11.Ng5+ Kg6 12.Qg4 f5 13.Qg3 f4 14.Bxf4 Kf5 15.Bd2  1-0

[Event "Oviedo rapid45"]
[Site "Oviedo"]
[Date "1992.??.??"]
[Round "8"]
[White "Komljenovic, Davor"]
[Black "Kramnik, Vladimir"]
[Result "1/2-1/2"]
[WhiteElo "2495"]
[BlackElo "2590"]

1.Nf3 d5 2.c4 c6 3.d4 Nf6 4.Nc3 e6 5.cxd5 exd5 6.Qc2 g6 7.Bg5 Be7 8.e3 Bf5
9.Bd3 Bxd3 10.Qxd3 Nbd7 11.O-O O-O 12.Rab1 a5 13.Rfd1 Re8 14.Qc2 Ne4 15.Bxe7 Qxe7
16.Nd2 Nd6 17.Na4 Nf6 18.Nc5 Ng4 19.Re1 Rac8 20.h3 Nf6 21.Qc3 Qd8 22.Rbc1 Re7
23.a4 Qc7 24.b4 axb4 25.Qxb4 Nfe4 26.Ndxe4 Nxe4 27.Nxe4 Rxe4 28.Rb1 Re7 29.Qc5 f5
30.Rec1 Rf7 31.Rb3 Qd7 32.Rcb1 Rc7 33.Qc1 g5 34.a5 f4 35.exf4 gxf4 36.Qd2 Qf5
37.Re1 Rf8 38.Re5 Qg6 39.Rf3 Rg7 40.g4 fxg3 41.Rxg3 Rxf2 42.Rxg6 Rxd2 43.Rxg7+ Kxg7
44.Re7+ Kg6 45.Rxb7 Rxd4 46.Rc7 Re4 47.a6 Kf5 48.Rb7 Ra4 49.a7 d4 50.h4 c5
51.h5 Kg5 52.Kf2  1/2-1/2

[Event "Palma de Mallorca op"]
[Site "Palma de Mallorca"]
[Date "1992.??.??"]
[Round "2"]
[White "Jimenez Villena, Francisco J"]
[Black "Garcia, Gildardo"]
[Result "0-1"]
[WhiteElo "2315"]
[BlackElo "2485"]

1.Nf3 d5 2.c4 e6 3.d4 Nf6 4.Nc3 Be7 5.Bg5 O-O 6.e3 h6 7.Bxf6 Bxf6 8.Qb3 c6
9.O-O-O a5 10.h4 a4 11.Qc2 a3 12.b3 Na6 13.g4 Nb4 14.Qd2 dxc4 15.Bxc4 b5
16.Be2 c5 17.g5 Bb7 18.gxf6 Qxf6 19.e4 Rfd8 20.Qe3 Rac8 21.Kb1 cxd4 22.Nxd4 Rxc3
23.Qxc3 Bxe4+ 24.Bd3 Bxd3+ 25.Rxd3 Nxd3 26.Nxb5 Qf5 27.Rg1 Nb4+ 28.Ka1 Nc2+
29.Kb1 Nd4+ 30.Ka1 Qxf2 31.Rd1 Nxb3+  0-1

[Event "Pardubice op"]
[Site "Pardubice"]
[Date "1992.??.??"]
[Round "3"]
[White "Krzywicki, Dariusz"]
[Black "Panchenko, Alexander N"]
[Result "0-1"]
[WhiteElo "2335"]
[BlackElo "2465"]

1.Nf3 d5 2.c4 e6 3.g3 dxc4 4.Qa4+ Nd7 5.Qxc4 a6 6.Bg2 b5 7.Qc2 Bb7 8.O-O Ngf6
9.a4 c5 10.axb5 axb5 11.Rxa8 Qxa8 12.Na3 Bc6 13.d3 Be7 14.Bg5 O-O 15.Rc1 h6
16.Bd2 Qa6 17.Ne1 Nd5 18.Qb3 Ra8 19.Ra1 c4 20.Qd1 Bf6 21.Nac2 Qb7 22.Rxa8+ Qxa8
23.e4 N5b6 24.Bc1 Na4 25.dxc4 bxc4 26.Nb4 Nxb2 27.Qe2 Nd3 28.Nexd3 cxd3 29.Qxd3 Nc5
30.Qc4 Bxe4 31.f3 Bxf3 32.Bxf3 Qxf3 33.Qxc5 Qd1+ 34.Kg2 Qe2+ 35.Kh3 Qf1+
36.Kg4 h5+ 37.Qxh5 Qe2+ 38.Kh3 Qxh5+ 39.Kg2  0-1

[Event "Pardubice op"]
[Site "Pardubice"]
[Date "1992.??.??"]
[Round "6"]
[White "Freisler, Pavel"]
[Black "Hracek, Zbynek"]
[Result "1/2-1/2"]
[WhiteElo "2415"]
[BlackElo "2480"]

1.Nf3 d5 2.c4 d4 3.b4 g6 4.Bb2 Bg7 5.g3 e5 6.d3 a5 7.b5 b6 8.Bg2 Bb7 9.Nbd2 Nd7
10.Ba3 Ne7 11.O-O O-O 12.Rc1 Re8 13.Nb3 a4 14.Na1 Nf5 15.Nc2 Nc5  1/2-1/2

[Event "Paris-ch"]
[Site "Paris"]
[Date "1992.??.??"]
[Round "1"]
[White "Bernard, Christophe"]
[Black "Flear, Glenn C"]
[Result "1/2-1/2"]
[WhiteElo "2270"]
[BlackElo "2495"]

1.Nf3 d5 2.c4 d4 3.g3 g6 4.Bg2 Bg7 5.O-O e5 6.d3 Ne7 7.Na3 O-O 8.b4 Nd7 9.Nc2 Rb8
10.a4 b6 11.b5 Bb7 12.Ba3 Nc5 13.Bxc5 bxc5 14.Nd2 Bxg2 15.Kxg2 f5 16.Nb3 Qd6
17.Qc1 Nd5 18.Nxc5 Qxc5 19.cxd5 Qxd5+ 20.f3 e4 21.Nb4 exf3+ 22.exf3 Qb3 23.Qc4+ Qxc4
24.dxc4 Rfe8 25.Rae1 Re3 26.Rxe3 dxe3 27.Nd5 Re8 28.Re1 e2 29.h4 Kf7 30.Nf4 Bh6
31.Rxe2 Bxf4 32.Rxe8 Kxe8 33.gxf4 Ke7 34.h5  1/2-1/2

[Event "Paris-ch"]
[Site "Paris"]
[Date "1992.??.??"]
[Round "4"]
[White "Spiridonov, Nikola"]
[Black "Moskalenko, Viktor"]
[Result "0-1"]
[WhiteElo "2400"]
[BlackElo "2505"]

1.Nf3 d5 2.c4 e6 3.g3 f5 4.Bg2 Nf6 5.O-O Be7 6.b3 O-O 7.d4 Ne4 8.Ba3 Bxa3
9.Nxa3 Nd7 10.b4 a6 11.Qb3 c6 12.Rad1 b5 13.cxd5 cxd5 14.Ne5 Bb7 15.Bxe4 Nxe5
16.dxe5 fxe4 17.Qb2 Qg5 18.Nc2 h5 19.Qd4 h4 20.Ne3 Rf7 21.Ng2 Qh5 22.Nxh4 Qxe2
23.Rd2 Qh5 24.Ng2 Rc8 25.f4 exf3 26.Ne3 Qg5 27.Rdf2 Rcf8 28.Re1 Qg6 29.Nc2 Rc8
30.Ne3 Rfc7 31.Qb6 d4 32.Nc2 Rxc2 33.Qxd4 Rf8  0-1

[Event "Pila"]
[Site "Pila"]
[Date "1992.??.??"]
[Round "5"]
[White "Nesterov, Jakov"]
[Black "Plachetka, Jan"]
[Result "1/2-1/2"]
[WhiteElo "2405"]
[BlackElo "2460"]

1.Nf3 d5 2.c4 e6 3.g3 Nf6 4.Bg2 dxc4 5.Qa4+ Nbd7 6.Qxc4 a6 7.Qb3 c5 8.a4 Bd6
9.Na3 O-O 10.Nc4 Bc7 11.a5 Nd5 12.O-O Rb8 13.d4 b5 14.axb6 N5xb6 15.Rd1 Nd5
16.Qc2 Qe7 17.Bg5 f6 18.Bd2 Nb4 19.Bxb4 Rxb4 20.d5 exd5 21.Ne3 Nb6 22.Nxd5 Nxd5
23.Rxd5 Bb6 24.Ne1 c4 25.Rad1 Be6 26.Rd6 Bf7 27.Bd5 Bxd5 28.R1xd5 Re8 29.Rd2 Qe4
30.Nf3  1/2-1/2

[Event "BCF-ch"]
[Site "Plymouth"]
[Date "1992.??.??"]
[Round "1"]
[White "Martin, Andrew D"]
[Black "Merriman, John"]
[Result "1-0"]
[WhiteElo "2420"]
[BlackElo "2235"]

1.Nf3 d5 2.c4 e6 3.g3 Nf6 4.b3 Be7 5.Bg2 O-O 6.O-O Nbd7 7.Bb2 Re8 8.d4 b6
9.Ne5 Bb7 10.Nc3 Rc8 11.Rc1 c6 12.cxd5 exd5 13.e4 dxe4 14.Nxe4 Rc7 15.Nxc6 Bxc6
16.Nxf6+ Bxf6 17.Rxc6 Nb8 18.Rxc7 Qxc7 19.Qd2 Rd8 20.d5 Nd7 21.d6 Qb8 22.Rd1 Bxb2
23.Qxb2 Nf6 24.Qd2 Ne8 25.d7 Nf6 26.Bh3 Qe5 27.Rc1  1-0

[Event "BCF-ch"]
[Site "Plymouth"]
[Date "1992.??.??"]
[Round "3"]
[White "Norman, Kenneth I"]
[Black "Crouch, Colin S"]
[Result "1/2-1/2"]
[WhiteElo "2210"]
[BlackElo "2425"]

1.Nf3 d5 2.c4 e6 3.d4 Nf6 4.Nc3 dxc4 5.e3 c5 6.Bxc4 a6 7.a4 Nc6 8.O-O Qc7
9.Qe2 Bd6 10.h3 O-O 11.d5 Na5 12.Ba2 c4 13.e4 Nd7 14.Be3 Rb8 15.Ba7 Ra8 16.Be3 Rb8
17.Ba7 Ra8  1/2-1/2

[Event "RUS-chT"]
[Site "Podolsk"]
[Date "1992.??.??"]
[Round "?"]
[White "Panchenko, Alexander N"]
[Black "Raetsky, Alexander"]
[Result "1/2-1/2"]
[WhiteElo "2460"]
[BlackElo "2455"]

1.Nf3 d5 2.c4 d4 3.e3 Nc6 4.exd4 Nxd4 5.Nxd4 Qxd4 6.Nc3 e5 7.d3 Ne7 8.Be3 Qd8
9.d4 exd4 10.Qxd4 Qxd4 11.Bxd4 Nc6 12.Be3 Bb4 13.Rc1 Bf5 14.f3  1/2-1/2

[Event "POL-ch"]
[Site "?"]
[Date "1992.??.??"]
[Round "5"]
[White "Wojtkiewicz, Aleksander"]
[Black "Matlak, Marek"]
[Result "1/2-1/2"]
[WhiteElo "2495"]
[BlackElo "2440"]

1.Nf3 d5 2.c4 c6 3.d4 e6 4.Nbd2 f5 5.g3 Nf6 6.Bg2 Bd6 7.O-O O-O 8.Qc2 b6
9.b3 Bb7 10.cxd5 cxd5 11.Ne5 Qe7 12.Ndf3 Rc8 13.Qd1 Nbd7 14.Bf4  1/2-1/2

[Event "Ponferrada op"]
[Site "Ponferrada"]
[Date "1992.??.??"]
[Round "?"]
[White "Cacho Reigadas, Sergio"]
[Black "De la Villa Garcia, Jesus Maria"]
[Result "1-0"]
[WhiteElo "2365"]
[BlackElo "2450"]

1.Nf3 d5 2.c4 dxc4 3.e3 Nf6 4.Bxc4 e6 5.O-O a6 6.a3 b5 7.Ba2 c5 8.d4 cxd4
9.exd4 Bb7 10.Nc3 Be7 11.Re1 O-O 12.Bg5 Nc6 13.Qd3 b4 14.Na4 bxa3 15.bxa3 Na5
16.Ne5 Bd5 17.Bb1 g6 18.Nc3 Bb7 19.Ba2 Nc6 20.Rad1 Qa5 21.Qh3 Rac8 22.Bxf6 Bxf6
23.Ne4 Bxe5 24.dxe5 Qxe5 25.Nd6 Qb2 26.Nxc8 Bxc8 27.Qb3 Qf6 28.Qb6 Ne7 29.Bc4 Qc3
30.Qb3 Qa5 31.h3 Nf5 32.Qb4 Qxb4 33.axb4 Bb7 34.Ra1 Rb8 35.Reb1 Nd4 36.Rb2 Nb5
37.Bxb5 axb5 38.Rc2 Bd5 39.Rc7 g5 40.Raa7 Rf8 41.Rc5 Rb8 42.Ra5 h5 43.Raxb5 Ra8
44.Ra5 Rb8 45.b5 Rb7 46.Rc2 Kf8 47.Rb2 Ke7 48.b6 Kf6 49.Ra7 Rb8 50.Rc7 h4
51.f3 Kg6 52.Kf2 f6 53.Ke3 Kf5 54.Kd4 Kf4 55.Rf7 f5 56.b7 Kg3 57.Rg7 g4 58.hxg4 f4
59.Rh7 Bc6 60.Ke5 Bd5 61.g5 Bc4 62.Rf7  1-0

[Event "Ponferrada op"]
[Site "Ponferrada"]
[Date "1992.??.??"]
[Round "?"]
[White "Suba, Mihai"]
[Black "Rodriguez Vargas, Orestes"]
[Result "1-0"]
[WhiteElo "2520"]
[BlackElo "2455"]

1.Nf3 d5 2.c4 e6 3.g3 Nf6 4.Bg2 dxc4 5.Qa4+ Nbd7 6.Qxc4 a6 7.Qb3 c5 8.d3 Bd6
9.Nc3 O-O 10.a4 Rb8 11.a5 b5 12.axb6 Nxb6 13.O-O Nfd5 14.Ne4 Be7 15.Bd2 Bd7
16.Ba5 Qc8 17.Rfc1 f5 18.Nxc5 Bxc5 19.d4 Na4 20.Qd1 Nxb2 21.Qd2 Bd6 22.Rxc8 Rfxc8
23.Ne5 Bxe5 24.dxe5 Rc5 25.Rb1 Rcb5 26.Bxd5 Rxd5 27.Rxb2 Rxb2 28.Qxb2 Rxa5
29.f4 Rd5 30.Qa3 a5 31.Qe7 h6 32.Kf2 a4 33.h3 Rd4 34.Ke3 Re4+ 35.Kf3 Rd4
36.g4 Bc6+ 37.Kg3 Bd5 38.gxf5 exf5 39.Qc5 Rd2 40.Qc8+ Kf7 41.Qd7+ Kg6 42.e6  1-0

[Event "Prague DDM-C"]
[Site "Prague"]
[Date "1992.??.??"]
[Round "1"]
[White "Chloupek, Stanislav"]
[Black "Orsag, Milan"]
[Result "1/2-1/2"]
[WhiteElo "2305"]
[BlackElo "2375"]

1.Nf3 d5 2.c4 e6 3.g3 Nf6 4.Bg2 Be7 5.O-O O-O 6.b3 c5 7.Bb2 Nc6 8.e3 b6 9.Qe2 Bb7
10.d3 Qc7 11.Nbd2 Rfe8 12.Rac1 Rac8 13.a3 Qb8 14.Rfd1 h6 15.d4 cxd4 16.exd4 dxc4
17.bxc4 Na5 18.Ne5 Bxg2 19.Kxg2 Bd6 20.Ng4 Nd7 21.d5 h5 22.Ne3 g6 23.Qf3 Be5
24.Bxe5 Nxe5 25.Qf6 Nd7 26.Qf3 Nc5 27.Ne4 Nxe4 28.Qxe4 exd5 29.Qxd5 Rc5 30.Qf3 Qc8
31.Rd5 Nxc4 32.Rxc5 Nxe3+ 33.Qxe3 bxc5 34.Qxc5 Qxc5  1/2-1/2

[Event "CSR-ch"]
[Site "Prague"]
[Date "1992.??.??"]
[Round "2"]
[White "Freisler, Pavel"]
[Black "Brychta, Ivan"]
[Result "1/2-1/2"]
[WhiteElo "2400"]
[BlackElo "2300"]

1.Nf3 d5 2.c4 c6 3.b3 Bf5 4.g3 e6 5.Bb2 Nf6 6.Bg2 Bd6 7.O-O O-O 8.d3 Qe7
9.Nbd2 e5 10.cxd5 cxd5 11.e4 dxe4 12.dxe4 Bg4 13.Nc4 Rd8 14.Nxd6 Rxd6 15.Qe1 Bxf3
16.Bxf3 Rd8 17.Qe3 Nc6 18.Rfd1 h6 19.Be2 Rxd1+ 20.Rxd1 Rd8 21.Rxd8+ Qxd8
22.Qd3 Qa5 23.a3 Qe1+ 24.Kg2 Nh7 25.Qd1 Qxd1 26.Bxd1 Ng5 27.f3 Ne6 28.Kf2 b5
29.Ke3 Kf8 30.f4 f6 31.h4 Ke7 32.f5 Ned4 33.g4 Kd6 34.Kd3 Kc5 35.Bc1 Kd6
36.g5 hxg5 37.hxg5 Na5 38.Kc3 fxg5 39.Bxg5 Nac6 40.Be3 a5 41.a4 Kc5 42.Be2 bxa4
43.bxa4 Ne7 44.Bc4 Nc8 45.Bc1 Nc6 46.Bb5 Nd6 47.Bxc6 Kxc6 48.Kd3 Nb7 49.Bb2 Nc5+
50.Ke3 Kd6 51.Bc3 Nxa4 52.Bxa5 Nc5 53.Bb4 Kc6 54.Kf3 Kb5 55.Bc3 Nd7 56.Ke3 Kc4
57.Bb2 Kb3 58.Bxe5 Nxe5 59.Kf4 Nf7 60.e5 Kc4 61.e6 Nd6 62.Kg5 Kd5  1/2-1/2

[Event "CSR-ch"]
[Site "Prague"]
[Date "1992.??.??"]
[Round "2"]
[White "Gross, Stefan"]
[Black "Vavra, Pavel"]
[Result "1-0"]
[WhiteElo "2385"]
[BlackElo "2210"]

1.Nf3 d5 2.c4 c6 3.Qc2 Nf6 4.g3 Bg4 5.Ne5 Bh5 6.d4 Nbd7 7.Bg2 e6 8.Nxd7 Qxd7
9.O-O Be7 10.Bg5 O-O 11.Rd1 Rac8 12.Bxf6 Bxf6 13.Nc3 b5 14.b3 bxc4 15.bxc4 c5
16.dxc5 Bg6 17.Qd2 Rxc5 18.Rac1 Qc8 19.Nxd5 exd5 20.cxd5 Bc3 21.Qf4 Rd8 22.e4 f6
23.Qe3 Bh5 24.Rd3 Bd4 25.Rxc5 Bxc5 26.Qd2 Qa6 27.Qc2 Be8 28.Rc3 Bd4 29.Rc4 Qb6
30.Bh3 Bd7 31.Bxd7 Rxd7 32.Rxd4 Qxd4 33.Qc8+ Kf7 34.Qxd7+ Kf8 35.Qd6+  1-0

[Event "CSR-ch"]
[Site "Prague"]
[Date "1992.??.??"]
[Round "11"]
[White "Plachetka, Jan"]
[Black "Kantorik, Marian"]
[Result "1-0"]
[WhiteElo "2460"]
[BlackElo "2360"]

1.Nf3 d5 2.c4 c5 3.cxd5 Nf6 4.e4 e6 5.Bb5+ Bd7 6.Bxd7+ Qxd7 7.dxe6 Qxe6 8.O-O Nc6
9.Nc3 O-O-O 10.Qa4 Kb8 11.d3 Nd4 12.Bf4+ Ka8 13.Nxd4 Rxd4 14.Nb5 Rxa4 15.Nc7+ Kb8
16.Nxe6+ Kc8 17.Ng5 Be7 18.Nxf7 Rf8 19.Nd6+ Kd7 20.Nf5 Nxe4 21.dxe4 Rxf5
22.exf5 Rxf4 23.Rad1+ Kc6 24.Rfe1 Bf6 25.Re6+ Kb5 26.Rd7 b6 27.b3 Bd4 28.h3 Rxf5
29.Rxa7 Rxf2 30.Kh2 h5 31.a4+ Kb4 32.Rxb6+ Kc3 33.Re6 h4 34.Rae7 Kxb3 35.a5 Rf1
36.Re1 Rxe1 37.Rxe1 c4 38.Rb1+ Kc2 39.Rb7 c3 40.a6 Kd2 41.Rd7 Ke3 42.Rxd4 Kxd4
43.a7 c2 44.a8=Q c1=Q 45.Qd8+ Ke5 46.Qe7+ Kd5 47.Qxh4 Ke6 48.Qf2 Ke7 49.h4 Ke8
50.Kg3 Ke7 51.Kg4 Ke8 52.g3 Qh6 53.Qf5 Qb6 54.Qf4 Qg6+ 55.Kf3 Qa6 56.Ke4 Ke7
57.Kf3 Ke8 58.Qf5 Ke7 59.Kf4 Qb6 60.Kg5 Qh6+ 61.Kg4 Qa6 62.Qf4 Qe2+ 63.Kg5 Qa6
64.Kh5 Qb6 65.g4 Qc6 66.g5 Qe8+ 67.Kg4 Qc6 68.h5 Qe6+ 69.Kg3 Qe1+ 70.Kh3 Qe6+
71.Qg4 Qd5 72.Kg3 Qd3+ 73.Qf3 Qd6+ 74.Kh4 Qd4+ 75.Kh3 Qd7+ 76.Kg3 Qd6+ 77.Qf4 Qd3+
78.Kf2 Qc2+ 79.Kg3 Qd3+ 80.Qf3 Qd6+ 81.Kg4 Qe6+ 82.Kf4 Qd6+ 83.Kg4 Qe6+ 84.Kh4 Qe1+
85.Kh3 Qe6+ 86.Kg2 Qe5 87.g6 Qg5+ 88.Kh3 Qf6 89.Qxf6+ Kxf6 90.Kg4 Ke7  1-0

[Event "Reggio Emilia9192-B"]
[Site "Reggio Emilia"]
[Date "1992.??.??"]
[Round "5"]
[White "Landenbergue, Claude"]
[Black "Arlandi, Ennio"]
[Result "1-0"]
[WhiteElo "2415"]
[BlackElo "2420"]

1.Nf3 d5 2.c4 e6 3.g3 Nf6 4.Bg2 Be7 5.O-O O-O 6.b3 c5 7.e3 Nc6 8.Bb2 b6 9.Qe2 Bb7
10.Nc3 Rc8 11.Rfd1 dxc4 12.bxc4 Qc7 13.Rac1 Qb8 14.d3 Rfd8 15.d4 Na5 16.Ne5 Bxg2
17.Kxg2 cxd4 18.exd4 Qb7+ 19.Kg1 Nd7 20.Nxd7 Rxd7 21.d5 e5 22.Ne4 f5 23.Nd2 e4
24.Nb3 Nxb3 25.axb3 Bc5 26.Qd2 a5 27.Bd4 Qc7 28.Qe3 Bxd4 29.Qxd4 Qc5 30.Kg2 Qxd4
31.Rxd4 Kf7 32.f3 exf3+ 33.Kxf3 Re7 34.Rc3 Kf6 35.h4 g6 36.g4 h6 37.Rf4 Re1
38.Re3 Rxe3+ 39.Kxe3 Re8+ 40.Kf2 Ke5 41.Ke3 h5 42.gxh5 gxh5 43.Rf1 Rg8 44.Kf3 b5
45.Re1+ Kd4 46.d6 bxc4 47.d7 Rd8 48.Rd1+ Kc3 49.bxc4 Kxc4 50.Kf4 Kb3 51.Kxf5 Kc2
52.Rd5 a4 53.Ke6 a3 54.Ra5 Kb2 55.Ke7  1-0

[Event "Rishon Le Ziyyon"]
[Site "Rishon Le Ziyyon"]
[Date "1992.??.??"]
[Round "7"]
[White "Djuric, Stefan"]
[Black "Votava, Jan"]
[Result "0-1"]
[WhiteElo "2535"]
[BlackElo "2435"]

1.Nf3 d5 2.c4 c6 3.e3 Nf6 4.Nc3 Bf5 5.Qb3 Qb6 6.Qxb6 axb6 7.cxd5 Nxd5 8.Nxd5 cxd5
9.Bb5+ Bd7 10.Bxd7+ Nxd7 11.d4 e6 12.Ke2 Bd6 13.Bd2 Ke7 14.Ne1 Nb8 15.Nd3 Nc6
16.h4 h5 17.Rhc1 Ra4 18.Rc3 Rha8 19.a3 f6 20.f4 Kd7 21.Rg1 Ne7 22.Rgc1 Rc8
23.Rxc8 Nxc8 24.Bb4 Bxb4 25.Nxb4  0-1

[Event "ROM-ch (Women)"]
[Site "?"]
[Date "1992.??.??"]
[Round "1"]
[White "Stanciu, Gabriela"]
[Black "Ignatescu, Ruxandra"]
[Result "1-0"]
[WhiteElo "2260"]
[BlackElo "2045"]

1.Nf3 d5 2.c4 e6 3.g3 Nf6 4.Bg2 c6 5.b3 Be7 6.Bb2 O-O 7.d3 b6 8.O-O Bb7 9.cxd5 Nxd5
10.d4 c5 11.dxc5 Bxc5 12.Nbd2 Nf6 13.Qc2 Nc6 14.Ng5 Nb4 15.Qb1 Qxd2 16.Bxf6 Qc2
17.Bxb7 Qxb1 18.Raxb1 Rab8 19.Bxg7 Kxg7 20.Bf3 Nxa2 21.Ra1 Nc3 22.Rxa7 Kg6
23.h4 Nb5 24.Rd7 h6 25.Ne4 Nd4 26.h5+ Kg7 27.Rb1 Rfd8 28.Rxd8 Rxd8 29.Kg2 Nxf3
30.Kxf3 Rd5 31.g4 f5 32.Nxc5 Rxc5 33.Rd1 fxg4+ 34.Kxg4 Rg5+ 35.Kh4 Rg2 36.Rd7+ Kf6
37.Rh7 Rxf2 38.Rxh6+ Kf7 39.Rh7+ Kg8 40.Rb7 Rxe2 41.Rxb6 Kg7 42.Rb4 Kh6 43.Rb5 Kg7
44.Kg5 Rg2+ 45.Kf4 Kf6 46.b4 Rh2 47.Ke3 e5 48.Rb6+ Kf5 49.h6 Rh3+ 50.Kf2 e4
51.b5 e3+ 52.Ke2 Ke4 53.Re6+ Kd5 54.b6 Kxe6 55.b7 Rxh6 56.b8=Q Rf6 57.Kxe3 Ke7
58.Qc7+ Ke6 59.Ke4 Rf7 60.Qe5+ Kd7 61.Kd5  1-0